[Event "RUS-ch51"]
[Site "St Petersburg"]
[Date "1998.08.06"]
[Round "10"]
[White "Ulybin, Mikhail"]
[Black "Tunik, Gennady"]
[Result "1/2-1/2"]
[WhiteElo "2555"]
[BlackElo "2480"]
[Annotator "Ribli,Z"]
[PlyCount "69"]
[EventDate "1998.07.28"]
[EventType "swiss"]
[EventRounds "11"]
[EventCountry "RUS"]
[SourceTitle "CBM 067"]
[Source "ChessBase"]
[SourceDate "1998.11.30"]
[SourceVersion "2"]
[SourceVersionDate "1998.11.01"]
[SourceQuality "1"]

1. d4 Nf6 2. c4 e6 3. g3 d5 4. Bg2 dxc4 5. Nf3 {Heutzutage versucht Weiß so in
Vorteil zu kommen. Die Alternative 5.Qa4 wird nur selten gespielt,
hauptsächlich von GM Andersson. Ribli.} a6 6. O-O Nc6 {Das ist die neuste Mode.
Schwarz spielt einen aggressiven Aufbau und möchte seinen Mehrbauer
verteidigen.} 7. Nc3 (7. e3 Bd7 8. Qe2 b5) 7... Bb4 $6 {Dieser Zug gefällt mir
nicht. Tauscht Schwarz seinen Läufer auf c3, kann Weiß mit dem b-Bauern
zurücknehmen und ein starkes Zentrum aufbauen.} (7... Rb8 $5 8. e4 Be7 $5 (8...
b5 {Dieser konsequente Zug schwächt die schwarze Stellung. Seine Alternative
scheint mir sicherer.} 9. Qe2 Be7 (9... Nxd4 10. Nxd4 Qxd4 11. Bg5 (11. Rd1 Qb6
) (11. Be3 Qd3 $1 12. Qe1 (12. Qf3 e5 $1 13. Rad1 $2 Bg4 $17 {[%cal Rg4d1]})
12... Qd8 13. Rd1 Nd7 $15) 11... Qb6 12. e5 (12. Bxf6 gxf6 13. e5 f5 $1) (12.
Rad1 e5 $1 {[%cal Gb6f6]}) 12... Nd5 (12... Nd7 13. Rad1 Bc5 14. Ne4 O-O 15.
Rxd7 Bxd7 16. Nf6+ gxf6 (16... Kh8 17. Qh5 $18 {[%csl Gf6,Gg5,Gh5,Rh8]}) 17.
Bxf6 $18 {[%csl Ge2,Gf6,Rg8]}) 13. Bxd5 exd5 14. Nxd5 $16 {[%csl Gd5,Re8,Gg5]})
10. d5 $36) 9. d5 exd5 10. exd5 Nb4 11. Ne5 Bf5 12. a3 Nd3 13. Nxc4 Nxc1 14.
Rxc1 O-O 15. Qd4 $11 {1/2-1/2 Leski,M-Polak,T/Mitropa Cup Portoroz (27)}) 8.
Qc2 (8. Bg5 O-O 9. Rc1 Be7 10. e3 Nd5 11. Bxe7 Ncxe7 12. Ne4 b5 13. b3 cxb3 14.
Qxb3 a5 15. Ne5 b4 16. Nc5 Qe8 17. Rfe1 Ra7 18. e4 $44 {1/2-1/2 Bronstein,
D-Kholmov,R/ USSR-ch 1957 (41)}) 8... O-O (8... Nxd4 $2 9. Nxd4 Qxd4 10. Qa4+
$18) 9. Rd1 Rb8 $146 {[#]} (9... Qe7 10. Bg5 h6 11. Bxf6 Qxf6 12. e4 Rb8 13. e5
Qe7 14. d5 Na5 15. Nd4 Bd7 16. f4 Rfd8 17. Kh1 Be8 18. f5 $1 $36 {1-0 Shipov,
S-Bashkov,V/Cheliabinsk 1991 (61)}) 10. Ne5 $6 $13 (10. e4 $5 $14 {[%csl Gd1,
Gd4,Ge4] Weiß hat ein sehr starkes Bauernzentrum und Schwarz muß stets mit den
Durchbrüchen d4-d5 oder e4-e5 rechnen. Der schwarze Läufer steht nicht
besonders gut auf b4.}) 10... Nxd4 $5 {Schwarz nimmt den zweiten bauern.
Verdächtig, aber es gibt keine konkrete Widerlegung.} (10... Nxe5 11. dxe5 Nd7
12. Ne4 b5 13. a4 $44 {[%csl Ge4,Ge5][%cal Gd1d8] Weiß hat Figurenspiel für
den Bauern. Möglicherweise kann er 14.axb5 nebst 15.Ra7 spielen.}) 11. Qd2 (11.
Qa4 $2 Bxc3 (11... c5 12. e3 b5 $19 {[%csl Ra4]}) 12. bxc3 b5 $19 {[%csl Ra4]})
11... Nc6 (11... Bc5 $5 12. e3 (12. Na4 Ba7 13. e3 Qe8 {[%cal Re8a4]}) 12...
Nc6 13. Qe2 Nxe5 14. Rxd8 Rxd8 15. b3 $15 {Schwarz hat Turm, Leichtfigur und
zwei Bauern für die Dame, einen kleinen materiellen Vorteil.}) (11... c5 $2 12.
e3 Nc6 13. Nxc6 Qxd2 14. Ne7+ $18 {Wegen 11...c5? kann Schwarz jetzt nicht
Bxe7 spielen.}) 12. Nxc6 Qxd2 13. Nxb4 $5 {Das ist die Pointe! Schwarz muß die
Dame geben.} (13. Bxd2 bxc6 14. Bxc6 Bb7 $15 {Die schwarze Stellung ist bequem.
}) 13... Qxd1+ (13... Qd6 $6 14. Rxd6 cxd6 15. Bf4 e5 16. Bg5 $14 {[%csl Gb4,
Gc3,Yd5,Rd6,Gg5]}) 14. Nxd1 {Weiß hat zwei Leichtfiguren gegen Turm und zwei
Bauern. Er steht wegen des Läuferpaares theoretisch besser, aber Schwarz kann
die Stellung geschlossen halten.} e5 (14... c5 15. Bf4 Ra8 16. Nc2 $14) 15. Be3
Be6 {Das Feld d5 ist sehr wichtig. Sonst kann Weiß 16.Nd5 mit Initiative
ziehen.} (15... Bg4 16. Kf1) (15... a5 $6 16. Nd5 Nxd5 17. Bxd5 Be6 (17... b5
18. Ba7 $16) 18. Bxe6 fxe6 19. Nc3 $14 {[%cal Gc3e4] Der weiße Springer wird
auf e4 ideal postiert.}) 16. Ba7 (16. Nc3 c6 $13) 16... Ra8 (16... Rbd8 17.
Bxb7 $16) 17. Bc5 Rfb8 18. Nc3 (18. Rc1 Nd7 $13) 18... Nd7 (18... a5 $6 19.
Nbd5 {[%csl Gd5]} Nxd5 (19... Nd7 20. Ba3 {[%csl Ga3,Gd5][%cal Ga3f8]}) 20.
Nxd5 Bxd5 21. Bxd5 c6 22. Bxc4 $14) 19. Be3 c6 {Das Feld d5 wird verteidigt.}
20. a4 (20. Rd1 Rd8) 20... a5 {Schwarz läßt natürlich nicht 21.a5 zu.} 21. Nc2
Rd8 22. Kf1 (22. Rd1 f6) 22... h6 (22... f6) 23. Ke1 Nf6 {[%csl Yd5][%cal
Gf6d5]} 24. Bb6 {[%csl Gb6]} Rd7 25. e4 {Weiß verhindert ...Nd5.} (25. f4 exf4
26. gxf4 Nd5 $13 {[%csl Gd5]}) 25... Ra6 26. Bc5 (26. Be3 Ng4 $11 {[%cal Rg4h2,
Rg4e3]}) 26... b6 27. Be3 Ng4 $11 {Es droht 28...Nxh2, sodaß Weiß sich den
Läufer tauschen lassen muß.} 28. h3 Nxe3 29. Nxe3 Ra8 {[%cal Ga8d8] Schwarz
aktiviert seinen Turm, plant 30...Rad8 zu spielen.} 30. Bf1 {[%csl Rc4]} (30.
f4 Rd3 31. Ke2 Rad8 32. Rd1 f6 $11) 30... Rd4 31. Nc2 Rd7 (31... c5 $2 32. Ne3
(32. Nxd4 cxd4 33. Nb5 $16)) 32. Na3 {[%csl Rc4]} Rd4 33. Nc2 Rd7 34. Na3 Rd4
35. Nc2 {Und Remis wegen dreimaliger Stellungswiederholung.} 1/2-1/2

[Event "Olympiad-33"]
[Site "Elista"]
[Date "1998.10.09"]
[Round "10.4"]
[White "Kaidanov, Gregory S"]
[Black "Shariyazdanov, Andrey"]
[Result "0-1"]
[WhiteElo "2625"]
[BlackElo "2530"]
[Annotator "Ribli,Z"]
[PlyCount "118"]
[EventDate "1998.09.29"]
[EventType "team-swiss"]
[EventRounds "13"]
[EventCountry "RUS"]
[SourceTitle "CBM 068"]
[Source "ChessBase"]
[SourceDate "1999.02.01"]
[SourceVersion "1"]
[SourceVersionDate "1999.02.01"]
[SourceQuality "1"]
[WhiteTeam "US of America"]
[BlackTeam "Russia II"]
[WhiteTeamCountry "USA"]
[BlackTeamCountry "RUS"]

{[%mdl 4096]} 1. d4 {Kortschnoj} Nf6 2. c4 e6 3. g3 d5 4. Bg2 dxc4 5. Nf3 Nc6 {
Dieser Zug ist heutzutage sehr populär. Ribli.} 6. Qa4 {Die andere
Hauptfortsetzung ist die Rochade, wonach Schwarz 6...Rb8 oder 6...a6 ziehen
kann.} Nd7 7. Qxc4 Nb6 8. Qd3 e5 {[%csl Rd3] Das ist eine positionelle
Gambitfortsetzung, aber Weiß kann den Mehrbauern kaum halten nach 9.dxe5 Qxd3
10.exd3 Nb4.} 9. Nxe5 (9. Be3 $5 {Meines Erachtens ist das die beste weiße
Möglichkeit und ich weiß nicht, warum sie so selten gespielt wird.} Nb4 (9...
exd4 10. Nxd4 Nxd4 11. Bxd4 Bb4+ 12. Nc3 $14) 10. Qb5+ Bd7 11. Qxe5+ Be7 12.
Na3 O-O 13. Qh5 N6d5 14. Bg5 f6 15. Bd2 g6 16. Qh4 Re8 17. O-O g5 18. Qh5 Bf5
19. Nh4 $16 {Und Weiß hat großen Vorteil. Flear - Mitkov,Djerba 1998.}) 9...
Nb4 10. Qb3 {[%cal Rb3f7] Eine scharfe Fortsetzung. Der schwarze Läuferzug ist
erzwungen und Weiß bekommt den Bauern auf b7.} (10. Qc3) 10... Be6 11. Qd1 Qxd4
12. Qxd4 Nc2+ {[%cal Rc2e1,Rc2d4]} 13. Kd1 Nxd4 14. Bxb7 Rd8 $44 {[%csl Rd1]
Schwarz hat gutes Figurenspiel für den Bauern. Besonders der weiße König steht
schlecht.} 15. Nd2 (15. Bd2 f6 $1 (15... Na4 16. Nc6 Nxb2+ 17. Kc1 Nc4 18. Nxd8
Kxd8 19. e3 Nb5 20. Rd1 {1-0 Timoshenko,G-Sulava,N/Ubeda 1998/CBM 62 ext (29)})
16. Nc6 Nxc6 17. Bxc6+ Kf7 18. Kc2 Bc5 $44 19. f3 (19. e3 Bf5+ $1 20. e4 Rd6
21. Bb7 Rb8 22. exf5 Rxb7 $36) 19... Nc4 20. Be4 Rd6 21. Bd3 Rb8 $36 {0-1
Polovodin,I-Zvjaginsev,V/St.Petersburg 1994/CBM 41/[Chekhov] (57)}) 15... f6
16. Nc6 Nxc6 17. Bxc6+ Kf7 18. Kc2 Bc5 {[%csl Gc5,Gd8,Rf2]} 19. Nb3 $6 {
Dieser Zug gefällt mir nicht. Es ist zwar logisch, daß Weiß das Material
zurückgibt, aber nach der Partiefortsetzung wird die weiße Bauernstruktur am
Königsflügel schwach.} (19. f3 Nc4 20. Ne4 Ne3+ 21. Bxe3 Bxe3 22. Rhd1 Bf5 $11)
(19. e3 Bf5+ $44 (19... Bf5+ {Kortschnoj} 20. Kd1 Rd6 {with overwhelming
compensation for a sacrificed pawn.})) (19. Ne4 Bf5 $44 {[%csl Rc2]}) 19...
Bxf2 20. Rf1 Bd4 (20... Bf5+ $2 21. e4 Rd6 22. Bb7 $18 {[%csl Rf2,Rf5]}) 21.
Bf4 (21. Nxd4 Rxd4 22. Rf4 Rd6 $15) 21... Bxb3+ $8 {Schwarz muß das Läuferpaar
aufgeben, aber der d4-Läufer bleibt gut zentralisiert.} 22. Kxb3 $6 $146 {
'N' Kortschnoj. Kortschnoj: 'The variation has been played several times. With
a judgment that it leads to about equal endgame. The novelty does not change
the assessment.' [#]} (22. axb3 Nd5 23. Ra4 {1/2-1/2 Krasenkow,M-Goldin,A/
Moscow 1989/TD (23)}) 22... Nd5 23. Bxd5+ {Kortschnoj: 'The move was more or
less forced due to a threat Rb8.'} (23. Kc4 $5 Nxf4 24. gxf4 Bxb2 25. Rad1 $15)
23... Rxd5 $15 24. Bxc7 $2 {Dieser Zug gefällt mir nicht. Weiß gewinnt
zeitweilig einen Bauern, aber die c-Linie wird geöffnet und der König auf b3
ist in Not.} (24. Rad1 $5 c6 25. Kc4 Rhd8 26. b4 Bb6 27. Rxd5 Rxd5 (27... cxd5+
$6 28. Kd3 $14 {[%csl Ga2,Gb4,Gd3]}) 28. a4 Rd4+ 29. Kc3 Re4 30. a5 Bd8 31. Rd1
Ke8 $15 {[%csl Ge4]}) (24. Rad1 $1 {(Kortschnoj) would be the most solid.})
24... Rc8 $6 (24... Re8 $1 {Das ist noch stärker als die Partiefortsetzung.}
25. Kc4 (25. Rfe1 Rc5 26. Rac1 (26. Bf4 Re6 {[%csl Rb3,Gc5,Gd4,Ge6][%cal Re6b6]
}) 26... Re3+ $17 {[%csl Rb3,Gc5,Ge3]}) 25... Rd7 26. Rad1 Rxc7+ 27. Kxd4 Rxe2
$17 {[%csl Ge2][%cal Re2a2,Re2h2]}) 25. Rac1 Be3 {[%csl Ge3]} 26. Rc4 $8 (26.
Rc3 $2 Rb5+ 27. Kc2 Bd4 28. Rc4 Bb6 29. Rd1 {[%cal Rd1d7]} Ke8 $17 {[%cal
Rc8c2]}) 26... Rd2 27. Ba5 $2 (27. Rfc1 $1 Rxe2 28. R1c2 $11) (27. Kc3 Re8 $15)
(27. Bf4 Rxc4 (27... Re8 $1 {Kortschnoj} 28. Rc7+ Kg6 29. Rxa7 Bxa7 30. Bxd2
Rxe2 $13) 28. Bxe3 {[%cal Rb3c4,Re3d2]} Rdc2 (28... Rxe2 29. Kxc4 Rxe3 $14) 29.
Bxa7 Rc8 {[%cal Rc2e2]} 30. Re1 R2c7 $19 {[%csl Rb3,Gc7,Gc8][%cal Rc7a7,Rc7b7,
Rb7b3]}) 27... Rxb2+ 28. Kxb2 Rxc4 {'-/+' Kortschnoj.} 29. Bc3 (29. Kb3 {
Kortschnoj} Re4 $17) (29. Rf3 {Kortschnoj} Bg1 30. h3 Re4 $17) 29... Bb6 $17 {
[%csl Re2,Rh2] Weiß hat Probleme mit seinen Bauernschwächen.} 30. Rf4 $6 (30.
Rd1 $5) (30. Kc2 {Kortschnoj} Ba5 31. Rf3 Ke6 32. h3 Bxc3 33. Rxc3 Kd5 $17) (
30. Rc1 {Kortschnoj} Re4 31. Rc2 Bg1 $17) 30... Rxf4 $1 31. gxf4 {[#]} Bc7 32.
e3 (32. Bd2 {Kortschnoj} Kg6 $19) 32... g5 {'!' Kortschnoj. Kortschnoj: '32...
Kg6, perhaps, was also winning, but this move is more energetic.'} (32... Kg6
$1 $17 {[%csl Re3,Rf4,Gg6,Rh2][%cal Rg6f5]}) 33. Kc2 {Weiß opfert einen Bauern,
um seinen König zu aktivieren.} (33. Bd4 gxf4 34. exf4 (34. Bxa7 f3 $17 {
[%csl Gf3,Rh2][%cal Rc7h2]}) 34... a6 $17 {[%csl Rf4,Gf7]}) (33. fxg5 fxg5 {
[%csl Rb2,Gc7,Gf7,Gg5,Gh7] Schwarz hat gefährliche ernfernte Bauern am
Königsflügel.} 34. Bd4 (34. h3 h5 35. Be1 h4 {[%csl Gc7,Gg5,Gh4][%cal Rg5g4]
Die tödliche schwarze Drohung ist 36...g4.} (35... h4 {Kortschnoj} 36. Z0 {
followed by} g4 {winning the bishop.})) 34... Bxh2 35. Bxa7 h5 36. Kc2 h4 37.
Kd2 h3 38. Ke2 g4 39. Bb6 $5 (39. a4 {Jetzt kann Schwarz den Bauern noch
früher blockieren.} Bc7 40. Kf2 Ke6 $19 {[%csl Ge6,Gg4,Gh3]}) 39... Ke6 40. a4
Kf5 41. a5 Bb8 42. Kf2 $8 Ke4 43. a6 g3+ 44. Kf1 Kf3 $19) 33... gxf4 (33... Kg6
) 34. exf4 Bxf4 35. h3 {Wegen des reduzierten Materials muß Schwarz sehr genau
spielen.} Be5 36. Be1 {Das Bauernendspiel wäre natürlich immer leicht gewonnen
für Schwarz.} Ke6 37. Kd3 Kd5 {[%csl Gd5]} 38. Bf2 a6 39. Be3 Bg3 {Jetzt
beginnt der Manöverkampf, nach dem Schwarz den Freibauern in Bewegung setzt.}
40. Ba7 Bf4 41. Bf2 f5 {[%csl Gf5]} 42. Bd4 Bd6 43. Bb2 f4 44. Bg7 Bc5 45. Bh6
(45. Ke2 Ke4 $17) 45... f3 46. Bg5 Bd4 (46... h5 $5) 47. Bh6 (47. a4 f2 48. Ke2
Kc4 {[%csl Ra4,Gc4]} 49. Bd8 Kb4 50. a5 Kb5 51. Kf1 (51. Bc7) 51... Bc3 52.
Kxf2 Bxa5 53. Bf6 Bb6+ 54. Ke2 a5 55. Kd3 a4 56. Bb2 (56. Kc3 Ba5+ 57. Kb2 Bb4
$19 {Und Schwarz spielt 58...Kc4.}) 56... Kb4 57. Kc2 Kc4 58. Ba3 Kd4 {[%csl
Gd4,Rh3]} 59. Be7 h5 60. Kd2 Ba5+ 61. Kc2 Ke3 62. Kb2 Kf3 63. Ka3 Kg3 64. h4 (
64. Kxa4 Be1 65. h4 Kg4) 64... Kg4 65. Kxa4 Be1 66. Kb3 Bxh4 67. Bb4 Bg5 {
[%cal Rh5h4,Rh4h3,Rh3h2,Rh2h1]} 68. Be1 Bf4 {[%cal Rf4g3]} 69. Kc2 Bg3 70. Kd1
Kf3 $1 $19 {[%csl Rd1] Schwarz muß vorsichtig sein und die Beweglichkeit des
gegnerischen Königs einschränken.} (70... h4 71. Ke2 h3 72. Kf1 Bxe1 73. Kg1
$11)) 47... Kc5 48. Bf8+ Kb5 49. Bh6 (49. Kxd4 $2 f2 $19) 49... a5 {Schwarz
hat viel Zeit, verbessert zuerst seine Bauernstellung.} 50. Bf4 a4 51. Bd2 f2 {
Alles ist bereit für den letzten Sturm.} 52. Ke2 Kc4 53. Ba5 Bc5 54. Bd2 Bb6 $1
{[%csl Gb6,Rd2] '-+!' Kortschnoj. Kortschnoj: 'Zugzwang! White is not able to
protect the square c3 any more.' Jetzt hat der d2-Läufer hat kein Feld in der
e1-a5-Diagonalen.} 55. Bg5 Kc3 $19 {[%csl Ra2,Gc3] Und die Partie ist
entschieden.} 56. Be7 Kb2 57. a3 Kb3 58. Bd6 Bd4 59. Be7 Bb2 {Und Weiß gab in
hoffnungsloser Lage auf.} (59... Bb2 60. Kxf2 Bxa3 61. Bf6 Bb4 $19 {[%cal
Ra4a3,Ra3a2,Ra2a1,Rb4c3]}) 0-1

[Event "RUS-Cup10"]
[Site "Tomsk"]
[Date "1997.07.25"]
[Round "4"]
[White "Ulybin, Mikhail"]
[Black "Belozerov, Andrei"]
[Result "1-0"]
[WhiteElo "2535"]
[BlackElo "2450"]
[Annotator "Ribli,Z"]
[PlyCount "51"]
[EventDate "1997.07.21"]
[EventType "swiss"]
[EventRounds "9"]
[EventCountry "RUS"]
[SourceTitle "EXT 2000"]
[Source "ChessBase"]
[SourceDate "1999.11.16"]
[SourceVersion "1"]
[SourceVersionDate "1999.11.16"]
[SourceQuality "1"]

1. d4 Nf6 2. c4 e6 3. g3 d5 4. Bg2 dxc4 5. Nf3 c5 6. O-O Nc6 7. dxc5 {Eine -
auf den ersten Blick - genügsam wirkende Fortsetzung. Aber Weiß bekommt nach
dem folgenden Damentausch Initiative.Ribli.} Qxd1 8. Rxd1 Bxc5 9. Nbd2 c3 {
Schwarz kann den Mehrbauern nicht halten. Mit dem Partiezug schwächt er die
Bauernstruktur seines Gegners.} (9... Ke7 10. Nxc4 $14 {[%csl Rd6,Gg2][%cal
Gg2a8] Weiß hat einen typischen, kleinen "Katalanenvorteil". Sein Bg2 ist
stärker als der schwarze Bc8. Zudem ist das Feld d6 ein schwarzer Schwachpunkt.
} Rd8 11. Rxd8 Nxd8 12. Nfe5 Nd5 13. Nd3 b5 14. Ne3 Bxe3 15. Bxe3 Nb7 16. Rc1
Bd7 17. Bxd5 exd5 18. Rc7 Nd6 19. Ne5 {1-0 Sorokin,M-Benko,F/Open, Buenos
Aires ARG 1997 (36)}) 10. bxc3 {Schwarz hat die bessere Bauernstruktur, aber
Weiß besitzt Initiative am Damenflügel sowie aktives Figurenspiel.} O-O (10...
Bd7 11. Ng5 $5 (11. Nb3 Be7 12. c4 O-O 13. Bb2 Rfd8 14. Ne5 Nxe5 15. Bxe5 Rac8
16. Bxb7 Rxc4 {1/2-1/2 Razuvaev,Y-van der Sterren,P/Praha 1992 (21)}) 11... Be7
12. Nde4 Nxe4 13. Nxe4 Na5 14. Nd6+ Bxd6 15. Rxd6 O-O-O $1 16. Rd4 {= Gurevich,
D-Sokolov,A/St.Martin 1992 (17)}) 11. Nb3 Be7 (11... Bb6 12. Ba3 Rd8 13. Rxd8+
Bxd8 14. Nfd4 Ne5 15. Rd1 Nd5 16. Nf5 f6 17. e4 exf5 18. exd5 Bd7 19. Nc5 Rc8
20. d6 {1-0 Pein,M-Smagin,S/London Lloyds 1990 (31)}) 12. Nfd4 Bd7 13. Bg5 (13.
Nxc6 Bxc6 14. Bxc6 bxc6 15. Na5 Rfc8 16. Rb1 Ne4 17. Rb7 Bd8 18. Nb3 Nxc3 19.
Rdd7 Nxe2+ 20. Kf1 Nxc1 21. Nxc1 Rcb8 22. Rxf7 Rxb7 23. Rxb7 Bb6 {Miles,
A-Mithrakanth,P/Calcutta op 1994/1/2-1/2 (64)}) 13... Rfd8 (13... Rac8 14. Bxf6
(14. Nb5 $5) 14... Bxf6 (14... gxf6 15. Nxc6 Bxc6 16. Bxc6 Rxc6 17. Rd7 Bd8 $1
18. Rxb7 Bb6 {[%csl Gb6,Rc3]} 19. Rd1 (19. a4 Rxc3 20. Rb1 {[%csl Gb7]}) (19.
Rc1 Rfc8 {[%cal Rc8c3]} 20. Nd2 Rxc3 21. Rxc3 Rxc3 22. Ne4 Rc1+ 23. Kg2 f5 24.
Nd6 {[%csl Rf7]} Rc2 (24... Rc7 $4 25. Rb8+ Kg7 26. Ne8+ $18) 25. Kf3 Rxa2 26.
Nxf7 Rc2 27. Ng5 (27. Ne5 $5 $132) 27... Rc6 28. Nxh7 Rc7 29. Nf6+ Kf7 30.
Rxc7+ $8 Bxc7 31. Nd7 Bd6 {[%csl Rd7]} 32. e4 Ke7 $17)) 15. Nc5 Nxd4 16. cxd4
Bb5 17. e3 b6 18. Ne4 Be7 19. a4 Be2 20. Rd2 Bc4 21. Rb2 Rfd8 {Speelman,J-Van
der Sterren,P/Erevan olm 1996/EXT 96ch2/1/2-1/2 (42)}) 14. Bxf6 (14. Nb5 Nd5
15. Bxe7 Ncxe7 16. c4 Bxb5 17. cxb5 Rac8 18. Rac1 $14 Kf8 19. Bxd5 Rxc1 20.
Rxc1 Rxd5 21. a4 Ke8 22. Kf1 b6 23. Ke1 Kd8 {1-0 Urban,K-Fernandes,A/Erevan
olm 1996/EXT 96ch2 (35)}) 14... Bxf6 (14... gxf6 $5) 15. Nc5 Rab8 $2 (15...
Nxd4 16. cxd4 Bc6 17. Nxb7 $6 (17. Bxc6 $5 bxc6 18. e3 {[%csl Rc6] Und Weiß
verfügt über einen kleinen, aber soliden Vorteil, weil der Pc6 eine "ewige"
Schwäche ist.}) 17... Bxb7 18. Bxb7 Rab8 19. Bf3 Bxd4 20. Rab1 Bb6 21. e3 Kf8
22. Rxd8+ Rxd8 $11 {0-1 Cipres,P-Vega,M/Oviedo rapid45 1992/TD 92\09 (29)}) 16.
Nxd7 $1 (16. Nxc6 Bxc6 17. Bxc6 bxc6 $11) 16... Rxd7 (16... Nxd4 $4 17. Nxf6+
$18) 17. Bxc6 bxc6 18. Nxc6 Rxd1+ 19. Rxd1 $16 {Weiß erfreut sich eines
Mehrbauern und guter Figurenkoordination.} Rb2 (19... Rb6 20. Nxa7) 20. e4 $1 {
[%csl Rf6] Der Bf6 ist ein echtes Problemkind des Schwarzen.} Rb6 (20... Rxa2
21. e5 Ra6 22. exf6 $18) (20... g6 21. e5) (20... h6 21. e5 Bg5 22. f4 {
[%csl Rg5]}) 21. Nxa7 {Der zweite Mehrbauer macht den weißen Vorteil
offensichtlich.} g5 {[%csl Rc3]} 22. c4 Ra6 23. Rd7 Rxa2 {[%csl Gd7,Rf7]} 24.
Nc8 Rc2 (24... Be5 25. c5 (25. Ne7+ Kg7 26. Nc6 $16) 25... Rc2 26. c6 {[%csl
Gc6]}) 25. Nd6 {[%csl Rf7]} Bc3 (25... Bd4 26. Rd8+ Kg7 27. Ne8+ Kf8 28. Nc7+
$18 (28. Rxd4 $2 Kxe8 $14 {[%csl Gc2]})) 26. Nxf7 $18 {Und das weiße
Materialübergewicht entscheidet die Partie.Ribli.} (26. Nxf7 Be1 27. Nxg5 Bxf2+
28. Kf1 $18) 1-0